00858cam a22002532 450000100060000000300080000600500170001400800390003103500190007004000320008904100080012108200220012910000280015124501470017925000200032626000380034630000250038450000610040950400320047050400200050260000450052261000160056770000210058332528BD-RjUL20211209051842.0140427s1967 ii b 001 0beng a(BD-RjUL)32617 aDLCcYOMdEQOdBD-RjULbeng aeng a294.556bRAH 19670 aLajpat Rai,d1865-1928.12aA history of the Arya Samaj :ban account of its origin, doctrines and activities, with a biographical sketch of the founder /cby Lajpat Rai. aRev. & Exp. ed. aBombay :bOrient Longmans,c1967. avi, 217 p. ;c22 cm. aFirst ed. published in 1914 under title: The Arya Samaj. aBibliography: p. [205]-206. aIncludes index.00aDayananda Sarasvati,cSwami,d1824-1883.20aArya-Samaj.1 aSharma, Sri Ram.